000 00479nam a2200157 i 4500
001 100893
003 ES-MaACL
007 t|
008 051006s1946 sp ||||1| spa d
100 1 _aMatilla, Valentín.
_979075
245 1 0 _aTécnica bacteriológica y parasitológica /
_cV. Matilla y José Mª de la Lastra.
260 _aMadrid :
_bEstades,
_c1946.
300 _a480 p. ;
_c22 cm.
700 1 _aLastra, José María de la.
_970497
852 _aES-MaACL
_jE-425
_bR.22103
999 _c100893
_d100893